| 000 | 00959nam a2200277 i 4500 | ||
|---|---|---|---|
| 003 | DO-SdBNP | ||
| 005 | 20250603141511.0 | ||
| 007 | ta | ||
| 008 | 250603b2003 dr ||||| |||| 00| 0 spa d | ||
| 040 |
_aDO-SdBNP _bspa _cBNPHU _erda |
||
| 041 | _aspa | ||
| 082 | 4 |
_axxx _bxxx _222 |
|
| 100 | 1 |
_aPotentini Adames, Trajano Vidal, _eautor _4aut. _973577 |
|
| 245 | 1 | 0 |
_aCódigo de comercio de la República Dominicana / _cTrajano Vidal Potentini ; edición, Héctor Guzmán. |
| 250 | _aCuarta edición de Bolsillo | ||
| 264 | 1 |
_aMoca, República Dominicana : _bEditora Dalis, _c2003.. |
|
| 300 |
_a224 páginas ; _c14 cm. |
||
| 336 |
_atexto _btxt _2rdacontent |
||
| 337 |
_asin mediación _bn _2rdamedia |
||
| 338 |
_avolumen _bnc _2rdacarrier |
||
| 500 | _aIncluye referencias bibliográficas y notas al pie de las páginas | ||
| 590 | _aInventariado, 2025/BT | ||
| 700 | 1 |
_aGuzmán, Héctor, _eeditor _4ed. _973578 |
|
| 910 | _aBtavárez | ||
| 942 |
_2ddc _cLBS1 |
||
| 999 |
_c59134 _d59134 |
||